[Event "Moscow (ol)"]
[Site "?"]
[Date "1994.??.??"]
[Round "?"]
[White "Skembris, S."]
[Black "Yurtaev, L."]
[Result "1/2-1/2"]
[WhiteElo "2525"]
[BlackElo "2530"]
[PlyCount "144"]
[EventDate "1994.??.??"]
[Source "ChessBase"]
[SourceDate "1994.10.01"]

1. Nf3 Nf6 2. c4 g6 3. Nc3 Bg7 4. g3 O-O 5. Bg2 d6 6. O-O e5 7. d3 Re8 8. Nd2 c6 9. Nde4 Nxe4 10. dxe4 a6 11. a4 a5 12. Be3 Na6 13. Qd2 Be6 14. b3 Nc5 15. Rab1 Qc7 16. Rfd1 Rad8 17. Qc2 Bc8 18. Bg5 Rd7 19. Bd2 h5 20. h3 Bf6 21. Na2 Qb6 22. Be3 Qd8 23. Qc3 Ne6 24. Bd2 h4 25. Qxa5 hxg3 26. fxg3 Qe7 27. Qc3 Rdd8 28. Rf1 d5 29. cxd5 cxd5 30. exd5 Nd4 31. Kh2 e4 32. Qc4 Bf5 33. Be3 Rc8 34. Qb4 Nxe2 35. Qxe7 Rxe7 36. Rf2 Nxg3 37. Kxg3 Be5+ 38. Bf4 e3 39. Re1 exf2 40. Rxe5 Rxe5 41. Bxe5 Rc2 42. Nb4 Re2 43. Bd4 g5 44. a5 Kf8 45. d6 Ke8 46. Bxf2 Rb2 47. Nd5 Rxb3+ 48. Kh2 Kd7 49. Bg3 Rb2 50. Nf6+ Ke6 51. d7 Ke7 52. Be5 Ra2 53. Bd6+ Kd8 54. Bc5 Bxd7 55. Bb6+ Kc8 56. Nxd7 Kxd7 57. Kg3 Kc8 58. Bd5 Ra3+ 59. Kg4 f5+ 60. Kxg5 Rxh3 61. Be6+ Kb8 62. Bxf5 Rb3 63. Kf6 Rxb6+ 64. axb6 Ka8 65. Ke7 Kb8 66. Kd7 Ka8 67. Be4 Kb8 68. Bf3 Ka8 69. Bc6 Kb8 70. Kd6 bxc6 71. Kxc6 Ka8 72. Kb5 Kb8 1/2-1/2

[Event "Hastings op"]
[Site "?"]
[Date "1993.??.??"]
[Round "5"]
[White "Sher, M."]
[Black "Gallagher, J."]
[Result "1/2-1/2"]
[WhiteElo "2535"]
[BlackElo "2515"]
[PlyCount "60"]
[EventDate "1993.??.??"]
[Source "www.chesslib.no"]
[SourceDate "2004.05.04"]

1. g3 e5 2. c4 d6 3. Bg2 g6 4. Nc3 Bg7 5. d3 Nf6 6. e4 O-O 7. Nge2 c6 8. O-O Na6 9. h3 Nc7 10. d4 exd4 11. Nxd4 Ne6 12. Be3 Nxd4 13. Bxd4 Be6 14. b3 Qd7 15. Kh2 c5 16. Be3 Ng4+ 17. hxg4 Bxc3 18. Rc1 Bg7 19. g5 Rab8 20. Qd3 a6 21. f4 Bg4 22. Bd2 b5 23. Bc3 bxc4 24. Qxc4 Rfe8 25. Bxg7 Kxg7 26. Rf2 Qb5 27. Rd2 Bc8 28. Qd3 Qxd3 29. Rxd3 Bb7 30. Re3 h6 1/2-1/2

[Event "Geneve Open"]
[Site "Geneva SUI"]
[Date "1994.??.??"]
[Round "4"]
[White "Sher, Miron N"]
[Black "Legky, Nikolay A"]
[Result "1/2-1/2"]
[WhiteElo "2520"]
[BlackElo "2525"]
[PlyCount "75"]
[EventDate "1994.01.??"]
[Source "www.chesslib.no"]
[SourceDate "2004.05.04"]

1. c4 Nf6 2. g3 g6 3. Bg2 Bg7 4. Nc3 d6 5. e4 O-O 6. Nge2 e5 7. O-O Nh5 8. d4 c6 9. Be3 Nd7 10. b3 f5 11. Qd2 Ndf6 12. exf5 gxf5 13. dxe5 dxe5 14. Qxd8 Rxd8 15. Rad1 Re8 16. Na4 Ng4 17. Bc5 Nh6 18. h3 Nf7 19. Be3 e4 20. Rd2 Ne5 21. Rfd1 b6 22. Rd8 Be6 23. Rxa8 Rxa8 24. Bf1 c5 25. Nac3 Kf7 26. Nb5 Nf3+ 27. Kh1 Be5 28. Ng1 a6 29. Nxf3 exf3 30. Na3 f4 31. gxf4 Bxf4 32. Bxf4 Nxf4 33. Kh2 Rg8 34. Nc2 Rg5 35. Ne1 Nxh3 36. Bxh3 Rh5 37. Nxf3 Rxh3+ 38. Kg2 1/2-1/2

[Event "Skei"]
[Site "Skei"]
[Date "1993.??.??"]
[Round "3"]
[White "Gausel, Einar"]
[Black "Van Wely, Loek"]
[Result "1/2-1/2"]
[WhiteElo "2485"]
[BlackElo "2560"]
[PlyCount "94"]
[EventDate "1993.??.??"]
[Source "ChessBase"]

1. c4 g6 2. Nc3 Bg7 3. g3 Nf6 4. Bg2 O-O 5. Nf3 d6 6. O-O e5 7. d3 Re8 8. Rb1 a5 9. Bg5 h6 10. Bxf6 Bxf6 11. a3 c6 12. Nd2 Bg7 13. Qc2 Be6 14. b4 axb4 15. axb4 Nd7 16. b5 Qc7 17. Rfc1 f5 18. Na2 Nc5 19. Nb4 Bd7 20. Nb3 e4 21. e3 exd3 22. Nxd3 Ne4 23. bxc6 bxc6 24. Nd4 Ra5 25. Nf4 g5 26. Nh5 Bh8 27. g4 Qa7 28. Nxf5 Bxf5 29. gxf5 Ra2 30. Qxe4 Rxe4 31. Bxe4 Bb2 32. Rc2 Qa4 33. Ng3 Be5 34. Rb8+ Kf7 35. Rb7+ Kf8 36. Rb8+ Ke7 37. Rxa2 Qxa2 38. Bxc6 Bxg3 39. hxg3 Qxc4 40. Re8+ Kf7 41. Rc8 Qd3 42. e4 g4 43. Bd5+ Kf6 44. Re8 Qd1+ 45. Kg2 Qf3+ 46. Kg1 Qd1+ 47. Kg2 Qf3+ 1/2-1/2

[Event "Berlin GER"]
[Site "?"]
[Date "1997.??.??"]
[Round "4"]
[White "Bezold Michael"]
[Black "Loginov Valery A"]
[Result "1/2-1/2"]
[WhiteElo "2490"]
[BlackElo "2550"]
[PlyCount "122"]
[EventDate "1997.??.??"]
[Source "www.chesslib.no"]
[SourceDate "2004.05.04"]

1. c4 Nf6 2. Nc3 e5 3. e3 d6 4. g3 g6 5. Bg2 Bg7 6. Nge2 O-O 7. b3 c6 8. d4 Re8 9. a4 a5 10. d5 e4 11. dxc6 Nxc6 12. Ra2 Nb4 13. Rd2 Nd3+ 14. Rxd3 exd3 15. Qxd3 Bg4 16. h3 Bd7 17. Nf4 Bf5 18. Qd1 Nd7 19. Nb5 Ne5 20. Nxd6 Nd3+ 21. Nxd3 Qxd6 22. Nf4 Qxd1+ 23. Kxd1 Rad8+ 24. Nd5 b5 25. axb5 a4 26. g4 Bb1 27. bxa4 Bd3 28. Bf1 Be4 29. Rg1 Bxd5 30. cxd5 Rxd5+ 31. Ke2 Rc8 32. Bg2 Rc2+ 33. Kf3 Ra2 34. Kg3 Rd8 35. b6 Rxa4 36. b7 Be5+ 37. f4 Bb8 38. g5 h6 39. h4 hxg5 40. hxg5 Ra1 41. Be4 Kf8 42. Rh1 Ke7 43. Bb2 Rxh1 44. Bxh1 Rd3 45. Bd4 Ke6 46. Be4 Rb3 47. Kf3 Rb4 48. Bc6 Kd6 49. Be4 Ke6 50. Kg4 Rb5 51. Bc6 Rb4 52. Kg3 Kd6 53. Be4 Ke6 54. Kf3 Ra4 55. Bc6 Rc4 56. Bb5 Rb4 57. Ba6 Ra4 58. Bf1 Rb4 59. Bh3+ Kd5 60. Bg2 Ke6 61. Kg3 Rb5 1/2-1/2

[Event "Reykjavik-Vilnius"]
[Site "Reykjavik-Vilnius"]
[Date "1994.??.??"]
[Round "3"]
[White "Arnason, Jon L"]
[Black "Kveinys, Aloyzas"]
[Result "1-0"]
[WhiteElo "2520"]
[BlackElo "2520"]
[PlyCount "53"]
[EventDate "1994.??.??"]
[Source "www.chesslib.no"]
[SourceDate "2004.05.04"]

1. c4 e5 2. Nc3 Nf6 3. Nf3 d6 4. g3 g6 5. Bg2 Bg7 6. d4 Nbd7 7. h3 c6 8. e4 O-O 9. Be3 exd4 10. Nxd4 Ne5 11. b3 Qa5 12. Qd2 Re8 13. Rd1 a6 14. f4 Ned7 15. O-O Nc5 16. Bf2 Qc7 17. Rfe1 Rxe4 18. Nf5 Bxf5 19. Re2 Qb8 20. h4 Re7 21. Qc1 Na4 22. Red2 Nc5 23. h5 b5 24. Be1 d5 25. Qa1 Na4 26. a3 Nc5 27. Ne2 1-0

[Event "Bundesliga 9192"]
[Site "GER"]
[Date "1991.??.??"]
[Round "?"]
[White "Vaganian, Rafael A"]
[Black "Paehtz, Thomas sr"]
[Result "1-0"]
[WhiteElo "2585"]
[BlackElo "2455"]
[PlyCount "91"]
[EventDate "1991.10.??"]
[Source "www.chesslib.no"]
[SourceDate "2004.05.04"]

1. Nf3 Nf6 2. c4 g6 3. g3 Bg7 4. Bg2 O-O 5. O-O d6 6. Nc3 e5 7. d3 h6 8. Rb1 Be6 9. Qb3 Nbd7 10. Qxb7 Nc5 11. Qb4 a5 12. Qa3 Nfd7 13. Be3 f5 14. Nd2 Ra6 15. Nb3 e4 16. Nxc5 Nxc5 17. dxe4 Bxc4 18. Bxc5 dxc5 19. Qxc5 Be6 20. Rfd1 Qb8 21. Nd5 Rf7 22. e5 Kh7 23. Qc3 c6 24. Nf6+ Bxf6 25. exf6 Bxa2 26. Ra1 Bb3 27. Rd3 a4 28. Bxc6 Rc7 29. Rd6 Qf8 30. Qd3 Qxd6 31. Qxd6 Raxc6 32. Qd8 Rf7 33. Kg2 Rfxf6 34. Re1 Rf7 35. h4 h5 36. e3 Rcc7 37. Re2 Rfd7 38. Qb8 Rc1 39. Qe8 Bd5+ 40. f3 Bc6 41. Qe5 Rdd1 42. e4 fxe4 43. fxe4 Rd7 44. Qe6 Rdd1 45. Qf7+ Kh6 46. Qg8 1-0

[Event "ECC, Panormo GRE"]
[Site "?"]
[Date "2001.??.??"]
[Round "1"]
[White "Hickl, J."]
[Black "Berkvens, J."]
[Result "1-0"]
[WhiteElo "2600"]
[BlackElo "2440"]
[PlyCount "79"]
[EventDate "2001.??.??"]
[Source "www.chesslib.no"]
[SourceDate "2004.05.04"]

1. g3 g6 2. Bg2 Bg7 3. c4 e5 4. Nc3 Nf6 5. d3 O-O 6. Nf3 Re8 7. O-O d6 8. Rb1 a5 9. a3 h6 10. b4 axb4 11. axb4 c6 12. Bb2 d5 13. Nd2 Be6 14. Ra1 Na6 15. b5 Nc5 16. Qc2 Bf8 17. Rxa8 Qxa8 18. Ra1 Qb8 19. Ba3 Rc8 20. Qb1 Qc7 21. Bb4 Ncd7 22. Bxf8 Rxf8 23. Qb4 Qb6 24. Na4 Qa7 25. Nb3 Ra8 26. h3 Qb8 27. Rb1 dxc4 28. dxc4 Qc8 29. Rc1 e4 30. Kh2 h5 31. Nac5 Nxc5 32. Nxc5 Bf5 33. Qb2 Qd8 34. Nxb7 Qe7 35. bxc6 e3 36. f4 h4 37. g4 Bxg4 38. Qe5 Qa3 39. Rc3 Qa2 40. Rxe3 1-0

[Event "Reggio Emilia 8586"]
[Site "Reggio Emilia"]
[Date "1985.??.??"]
[Round "1"]
[White "Cebalo, Miso"]
[Black "Smejkal, Jan"]
[Result "0-1"]
[WhiteElo "2485"]
[BlackElo "2555"]
[PlyCount "104"]
[EventDate "1985.12.??"]
[Source "ChessBase"]

1. c4 e5 2. Nc3 d6 3. g3 g6 4. Bg2 Bg7 5. e3 Nf6 6. Nge2 O-O 7. b3 Re8 8. Bb2 c6 9. d4 e4 10. Qd2 d5 11. Rc1 a6 12. Ba3 Bf5 13. h3 h5 14. Nf4 b5 15. cxd5 cxd5 16. Bf1 Qd7 17. Be2 Nc6 18. Bc5 Rad8 19. h4 Bh6 20. b4 Bxf4 21. gxf4 Bg4 22. a4 Bxe2 23. Qxe2 bxa4 24. Qxa6 Ra8 25. Qe2 Reb8 26. Rb1 Nd8 27. Qa2 Ne6 28. Rg1 Nc7 29. Rg5 Nb5 30. Nxb5 Rxb5 31. Kd2 Rb7 32. Rbg1 Kh7 33. Re5 Qb5 34. f5 Rg8 35. fxg6+ fxg6 36. Ke1 Rgg7 37. Qe2 Qc6 38. Qa2 Qb5 39. Qe2 Qc6 40. Qa2 Rbd7 41. Rgg5 Rgf7 42. Rg2 Ng4 43. Rg5 Qb5 44. R2xg4 hxg4 45. h5 gxh5 46. Rxh5+ Kg6 47. Rxd5 g3 48. f4 exf3 49. Qc2+ Kh6 50. Bf8+ Rxf8 51. Rxb5 f2+ 52. Kd1 f1=Q+ 0-1

[Event "Bundesliga 9495"]
[Site "GER"]
[Date "1995.??.??"]
[Round "?"]
[White "Bischoff, Klaus"]
[Black "Mainka, Romuald"]
[Result "1/2-1/2"]
[WhiteElo "2525"]
[BlackElo "2515"]
[PlyCount "116"]
[EventDate "1994.10.??"]
[Source "www.chesslib.no"]
[SourceDate "2004.05.04"]

1. c4 e5 2. Nc3 d6 3. g3 g6 4. Bg2 Bg7 5. e3 Nf6 6. Nge2 O-O 7. b3 Re8 8. O-O c6 9. e4 a6 10. d3 b5 11. h3 Nbd7 12. Be3 Bb7 13. Qd2 b4 14. Na4 c5 15. f4 exf4 16. gxf4 Nh5 17. Rae1 f5 18. exf5 Bxg2 19. Kxg2 gxf5 20. Rf3 Re6 21. Ng3 Rg6 22. Kh2 Nxg3 23. Rxg3 Rxg3 24. Kxg3 Qf6 25. Kh2 Rf8 26. Qg2 Kh8 27. Qb7 Rf7 28. Bc1 Nf8 29. Qd5 Qh4 30. Rg1 Re7 31. Qf3 Re1 32. Bd2 Rxg1 33. Kxg1 Qe7 34. Nb6 Qf6 35. Qe2 Kg8 36. Be3 Ne6 37. Nd5 Qf7 38. Kf1 h6 39. Qg2 Kh7 40. Ke1 Qe8 41. Kd1 Qh5+ 42. Kc2 Qf7 43. Qf3 a5 44. Kd1 Qe8 45. Qe2 Qf7 46. Bf2 Qg6 47. Ke1 Qf7 48. Kf1 h5 49. Qf3 Qe8 50. Qe2 Qg6 51. Ne7 Qf7 52. Nd5 Bh6 53. Be3 h4 54. Qg2 Bg7 55. Qf2 Qh5 56. Qe2 Qg6 57. Qg2 Qf7 58. Qf2 Qh5 1/2-1/2

[Event "8th OIBM"]
[Site "Bad Wiessee"]
[Date "2004.11.04"]
[Round "6"]
[White "Eingorn, Vereslav S"]
[Black "Van der Weide, Karel"]
[Result "1/2-1/2"]
[WhiteElo "2583"]
[BlackElo "2457"]
[PlyCount "78"]
[EventDate "2004.10.30"]
[Source "Roberto Alvarez"]
[SourceDate "2004.11.15"]

1. c4 Nf6 2. Nc3 g6 3. g3 Bg7 4. Bg2 e5 5. e4 d6 6. Nge2 O-O 7. O-O Nbd7 8. d3 c6 9. h3 a6 10. Be3 b5 11. b3 Bb7 12. Qd2 Qe7 13. Rac1 Rfe8 14. Rfd1 Nc5 15. b4 Ne6 16. a4 a5 17. Qb2 bxc4 18. dxc4 axb4 19. Qxb4 c5 20. Qb1 Nd4 21. Qd3 Bc6 22. Ra1 Reb8 23. Nb5 Nxe4 24. Bxe4 Bxe4 25. Qxe4 Nxe2+ 26. Kg2 Qf8 27. Bxc5 Nxg3 28. fxg3 dxc5 29. Rd7 Rd8 30. Rad1 Rxd7 31. Rxd7 Rxa4 32. Qd5 Bf6 33. Nc3 Ra6 34. Ne4 Be7 35. Qb7 Ra2+ 36. Kf3 Ra3+ 37. Ke2 Ra2+ 38. Kf3 Ra3+ 39. Ke2 Ra2+ 1/2-1/2

[Event "Cullera (3eme tournoi MI)"]
[Site "?"]
[Date "2004.07.28"]
[Round "8.5"]
[White "Hernandez Guerrero Gilberto"]
[Black "Arizmendi Martinez Julen L"]
[Result "1/2-1/2"]
[WhiteElo "2502"]
[BlackElo "2534"]
[PlyCount "28"]
[EventDate "2004.??.??"]
[Source "www.chesslib.no"]
[SourceDate "2004.05.04"]

1. Nf3 Nf6 2. c4 g6 3. g3 Bg7 4. Bg2 O-O 5. O-O d6 6. Nc3 e5 7. d3 h6 8. Rb1 a5 9. a3 Re8 10. e4 Bg4 11. h3 Bxf3 12. Qxf3 Nc6 13. Be3 Nd4 14. Qd1 c6 1/2-1/2

[Event "Viernheim"]
[Site "Viernheim"]
[Date "1995.??.??"]
[Round "4"]
[White "Rausis, Igors"]
[Black "Smejkal, Jan"]
[Result "1/2-1/2"]
[WhiteElo "2515"]
[BlackElo "2520"]
[PlyCount "43"]
[EventDate "1995.10.??"]
[Source "ChessBase"]

1. c4 e5 2. Nc3 d6 3. g3 g6 4. Bg2 Bg7 5. d3 Nf6 6. Rb1 O-O 7. b4 a5 8. a3 axb4 9. axb4 Nc6 10. b5 Nd4 11. e3 Ne6 12. Nge2 h5 13. d4 h4 14. Bb2 exd4 15. exd4 Re8 16. O-O Ng5 17. Bc1 Nfe4 18. Nxe4 Nxe4 19. Rb3 h3 20. Bh1 d5 21. cxd5 Nd6 22. Nc3 1/2-1/2

[Event "Hoogovens"]
[Site "Wijk aan Zee"]
[Date "1975.??.??"]
[Round "12"]
[White "Popov, Luben"]
[Black "Gligoric, Svetozar"]
[Result "0-1"]
[WhiteElo "2460"]
[BlackElo "2575"]
[PlyCount "66"]
[EventDate "1975.??.??"]
[Source "ChessBase"]

1. c4 g6 2. Nc3 Bg7 3. g3 e5 4. Bg2 d6 5. e3 Nf6 6. Nge2 O-O 7. O-O Re8 8. d3 c6 9. e4 a6 10. h3 b5 11. a3 Bb7 12. b4 Nbd7 13. a4 c5 14. Qb3 bxc4 15. Qxc4 cxb4 16. Qxb4 Rb8 17. Qa3 Nc5 18. Rd1 Bc6 19. Be3 Rb3 20. Qa2 Rb4 21. Bxc5 dxc5 22. a5 Qd6 23. Qc2 Reb8 24. Ra2 Bd7 25. Nd5 Nxd5 26. exd5 e4 27. Nf4 exd3 28. Nxd3 Rd4 29. Rc1 c4 30. Ne1 Bb5 31. Qe2 c3 32. Qe3 Re8 33. Qxc3 Rde4 0-1

[Event "Biel-B"]
[Site "Biel"]
[Date "1990.??.??"]
[Round "9"]
[White "Spraggett, Kevin"]
[Black "Barlov, Dragan"]
[Result "1/2-1/2"]
[WhiteElo "2540"]
[BlackElo "2495"]
[PlyCount "35"]
[EventDate "1990.07.??"]
[Source "ChessBase"]

1. c4 Nf6 2. g3 g6 3. Bg2 Bg7 4. Nc3 O-O 5. Nf3 d6 6. O-O c6 7. d3 e5 8. c5 dxc5 9. Nxe5 Nd5 10. Nxd5 cxd5 11. Nf3 Nc6 12. a3 b6 13. Bg5 Qd6 14. Rb1 a5 15. Bf4 Qd8 16. Bg5 Qc7 17. Bf4 Qd8 18. Bg5 1/2-1/2

[Event "MI Festival GM"]
[Site "Bucharest"]
[Date "1999.04.02"]
[Round "13"]
[White "Istratescu, Andrei"]
[Black "Vajda, Levente"]
[Result "1-0"]
[WhiteElo "2549"]
[BlackElo "2484"]
[PlyCount "81"]
[EventDate "1999.03.20"]
[Source "ChessBase"]
[SourceDate "1999.05.10"]

1. c4 Nf6 2. Nc3 g6 3. e4 d6 4. g3 Bg7 5. Bg2 O-O 6. Nge2 e5 7. O-O Be6 8. d3 Qd7 9. b4 Nc6 10. b5 Ne7 11. Rb1 c6 12. bxc6 bxc6 13. Qa4 Rfd8 14. Ba3 Nc8 15. Qa5 Nb6 16. Rfd1 Bf8 17. c5 d5 18. exd5 Nbxd5 19. Ne4 Ne8 20. Bb2 Bg7 21. Qe1 Qe7 22. Ba3 f5 23. Nd6 Nxd6 24. cxd6 Qd7 25. Nc3 Nb6 26. Bc5 Rab8 27. d4 e4 28. f3 Re8 29. fxe4 fxe4 30. Qxe4 Rbc8 31. Qd3 Nc4 32. Ne4 Rb8 33. Rxb8 Rxb8 34. Rc1 Nb6 35. Re1 Bxa2 36. Nc3 Bc4 37. Qe4 Nd5 38. Nxd5 Bxd5 39. Qe7 Qd8 40. Bxd5+ cxd5 41. d7 1-0

[Event "17. Open der Kiel SG"]
[Site "Kiel"]
[Date "2004.07.25"]
[Round "4.1"]
[White "Petrosian, Suren"]
[Black "Epishin, Vladimir"]
[Result "0-1"]
[WhiteElo "2395"]
[BlackElo "2635"]
[PlyCount "120"]
[EventDate "2004.07.24"]
[Source "Roberto Alvarez"]
[SourceDate "2004.08.24"]

1. g3 g6 2. Bg2 Bg7 3. c4 e5 4. Nc3 d6 5. e3 Nf6 6. Nge2 O-O 7. O-O Re8 8. d4 e4 9. b4 h5 10. h3 Nbd7 11. b5 Nf8 12. a4 N8h7 13. Ba3 Bf5 14. a5 Ng5 15. Nf4 a6 16. Rb1 Qc8 17. Kh2 Nf3+ 18. Bxf3 exf3 19. Qxf3 Ne4 20. Nxe4 Bxe4 21. Qd1 Bxb1 22. Qxb1 Qd7 23. b6 c6 24. Qd3 Qe7 25. Re1 Rad8 26. Bb4 h4 27. g4 Qg5 28. Re2 Bxd4 29. Qxd4 c5 30. Qd5 Qxd5 31. Nxd5 cxb4 32. Nf6+ Kf8 33. Nxe8 Rxe8 34. Rb2 Re5 35. Rxb4 Rxa5 36. Kg2 Ke7 37. f4 Kd7 38. Kf3 Kc6 39. g5 Kc5 40. Rb1 Ra4 41. Kg4 Rxc4 42. Kxh4 Re4 43. Kg4 Rxe3 44. h4 Re4 45. h5 gxh5+ 46. Kf5 d5 47. Rh1 a5 48. Rxh5 a4 49. Rh7 a3 50. Rxf7 a2 51. Rc7+ Kb4 52. Rc1 Re8 53. g6 d4 54. g7 d3 55. Kg6 d2 56. Rh1 Rd8 57. Kf7 d1=Q 58. Rxd1 Rxd1 59. g8=Q a1=Q 60. Qf8+ Kb5 0-1

[Event "Bank Pocztowy Open A, Bydgoszcz POL"]
[Site "?"]
[Date "2001.??.??"]
[Round "4"]
[White "Gritsak, O."]
[Black "Zontakh, A."]
[Result "1/2-1/2"]
[WhiteElo "2495"]
[BlackElo "2530"]
[PlyCount "46"]
[EventDate "2001.??.??"]
[Source "www.chesslib.no"]
[SourceDate "2004.05.04"]

1. c4 Nf6 2. Nc3 g6 3. g3 Bg7 4. Bg2 O-O 5. Nf3 d6 6. O-O e5 7. d3 Re8 8. Rb1 a5 9. a3 c6 10. e4 Na6 11. b4 axb4 12. axb4 Nc7 13. Be3 Ne6 14. h3 d5 15. cxd5 cxd5 16. exd5 Nxd5 17. Nxd5 Qxd5 18. Nd4 Qd8 19. Nb3 Rb8 20. Ba7 Ra8 21. Be3 Rb8 22. Ba7 Ra8 23. Be3 Rb8 1/2-1/2

[Event "32nd TCh-GRE"]
[Site "Kallithea Chalkidiki"]
[Date "2003.07.09"]
[Round "6"]
[White "Hickl, Joerg"]
[Black "Polzin, Rainer"]
[Result "1/2-1/2"]
[WhiteElo "2560"]
[BlackElo "2464"]
[PlyCount "168"]
[EventDate "2003.07.04"]
[Source "Roberto Alvarez"]
[SourceDate "2003.07.14"]

1. g3 g6 2. Bg2 Bg7 3. Nf3 Nf6 4. O-O O-O 5. c4 d6 6. Nc3 e5 7. d3 Re8 8. Rb1 a5 9. a3 c6 10. b4 axb4 11. axb4 d5 12. Nd2 Be6 13. Qc2 Nbd7 14. Bb2 d4 15. Nce4 Nxe4 16. Nxe4 Qe7 17. c5 Nf6 18. Nxf6+ Bxf6 19. Ra1 Qd7 20. Rxa8 Rxa8 21. Ra1 Rxa1+ 22. Bxa1 Bd5 23. e4 dxe3 24. fxe3 h5 25. h3 Bg7 26. Bc3 f5 27. Kh2 Bxg2 28. Kxg2 Qd5+ 29. e4 fxe4 30. dxe4 Qc4 31. h4 Bh6 32. Kh2 Bg7 33. Kg2 Kh8 34. Kh2 Kh7 35. Kg2 Bh6 36. Kf2 Kg8 37. Qb2 Qxe4 38. Bxe5 Qe3+ 39. Kf1 Qc1+ 40. Ke2 Qxb2+ 41. Bxb2 Kf7 42. Bc3 Ke6 43. Kf3 Kd5 44. g4 Bc1 45. gxh5 gxh5 46. Be1 Kc4 47. Ke4 Ba3 48. Kf5 Bxb4 49. Bxb4 Kxb4 50. Kg6 Kxc5 51. Kxh5 b5 52. Kg5 b4 53. h5 b3 54. h6 b2 55. h7 b1=Q 56. h8=Q Qg1+ 57. Kf5 Qf2+ 58. Ke6 Qd4 59. Qh2 Kb4 60. Qb8+ Kc4 61. Qa8 Qd5+ 62. Ke7 Qe5+ 63. Kf7 c5 64. Qa4+ Kd5 65. Qb5 Qh5+ 66. Kg8 Qg4+ 67. Kh8 Qb4 68. Qd7+ Kc4 69. Kg8 Kc3 70. Qh3+ Kb2 71. Qg2+ Ka3 72. Qa8+ Kb2 73. Qg2+ Ka3 74. Qa8+ Qa4 75. Qb8 Qc4+ 76. Kh7 Qh4+ 77. Kg8 Qd4 78. Qa8+ Kb3 79. Qb7+ Kc3 80. Qf3+ Qd3 81. Qf6+ Kb4 82. Qe7 Qd5+ 83. Kh8 Kb3 84. Qe3+ Ka4 1/2-1/2

[Event "JUG Ch"]
[Site "Kladovo"]
[Date "1991.??.??"]
[Round "13"]
[White "Abramovic, Bosko"]
[Black "Drasko, Milan"]
[Result "0-1"]
[WhiteElo "2520"]
[BlackElo "2500"]
[PlyCount "92"]
[EventDate "1991.02.??"]
[Source "www.chesslib.no"]
[SourceDate "2004.05.04"]

1. c4 Nf6 2. g3 g6 3. Bg2 Bg7 4. Nc3 O-O 5. d3 d6 6. Nf3 e5 7. O-O Re8 8. b4 e4 9. Nd4 Nfd7 10. e3 c5 11. bxc5 dxc5 12. Nde2 exd3 13. Qxd3 Ne5 14. Qxd8 Rxd8 15. Rb1 Nbc6 16. Ne4 Be6 17. f4 Bxc4 18. N4c3 Ng4 19. Re1 Nb4 20. Bxb7 Rab8 21. Bf3 Nc2 22. Rxb8 Rxb8 23. Rd1 Ngxe3 24. Rd7 Bd4 25. Rxa7 Ng4+ 26. Nxd4 cxd4 27. Nd1 Nge3 28. Nb2 Bd5 29. Bxd5 Nxd5 30. Kf2 Nc3 31. Nd3 Nb4 32. Nxb4 Rxb4 33. Rd7 Nxa2 34. Ba3 Rc4 35. Bd6 Nc3 36. Be5 f6 37. Rxd4 Ne4+ 38. Rxe4 Rxe4 39. Bxf6 Kf7 40. Be5 Ke6 41. Kf3 Rc4 42. g4 h5 43. h3 Rb4 44. Kg3 g5 45. gxh5 Kf5 46. h6 gxf4+ 0-1

[Event "Skei"]
[Site "Skei"]
[Date "1994.??.??"]
[Round "7"]
[White "Gausel, Einar"]
[Black "Nijboer, Friso"]
[Result "1/2-1/2"]
[WhiteElo "2485"]
[BlackElo "2530"]
[PlyCount "118"]
[EventDate "1994.??.??"]
[Source "ChessBase"]

1. Nf3 Nf6 2. c4 g6 3. Nc3 Bg7 4. g3 O-O 5. Bg2 d6 6. O-O e5 7. d3 Re8 8. Rb1 c6 9. Bg5 h6 10. Bxf6 Bxf6 11. Nd2 Be6 12. b4 a6 13. a4 Bg7 14. Nb3 f5 15. Qc2 Nd7 16. Rfc1 h5 17. b5 axb5 18. axb5 Rc8 19. Qa2 Bh6 20. Re1 Ra8 21. Qb2 Qc7 22. Ra1 Nf6 23. Rxa8 Rxa8 24. Ra1 Rb8 25. Ra7 Qb6 26. Qa3 cxb5 27. Ra8 Rxa8 28. Qxa8+ Bf8 29. Nxb5 d5 30. Qa5 Qxa5 31. Nxa5 b6 32. Nc6 dxc4 33. Nxe5 cxd3 34. exd3 Kg7 35. Nd4 Bc8 36. Nc4 Bc5 37. Nb3 Be6 38. Nxc5 Bxc4 39. dxc4 bxc5 40. Kf1 g5 41. Ke2 Kf7 42. h3 h4 43. gxh4 gxh4 44. Ke3 Nh5 45. Bf3 Ng7 46. Bd5+ Kf6 47. f4 Ke7 48. Bg8 Ne8 49. Bd5 Kd7 50. Kd3 Nd6 51. Kc3 Nc8 52. Kd3 Ne7 53. Bf3 Kc7 54. Bd5 Kb6 55. Be6 Ka5 56. Kc3 Ka4 57. Bd7+ Ka3 58. Be6 Ka2 59. Bd7 Ka3 1/2-1/2

[Event "Cacak"]
[Site "Cacak"]
[Date "1991.??.??"]
[Round "2"]
[White "Abramovic, Bosko"]
[Black "Strikovic, Aleksa"]
[Result "1/2-1/2"]
[WhiteElo "2520"]
[BlackElo "2495"]
[PlyCount "48"]
[EventDate "1991.05.??"]
[Source "ChessBase"]

1. c4 g6 2. g3 Bg7 3. Bg2 e5 4. Nc3 Nf6 5. d4 exd4 6. Qxd4 O-O 7. Nf3 Nc6 8. Qh4 Ne8 9. Qxd8 Nxd8 10. Nd5 d6 11. Ne7+ Kh8 12. Nxc8 Rxc8 13. Rb1 a6 14. O-O f5 15. b4 Nf6 16. Bb2 Ne4 17. Rfc1 Ne6 18. Ne1 Nd4 19. Bxd4 Bxd4 20. e3 Bg7 21. Rc2 c6 22. Nd3 Rfe8 23. h4 Kg8 24. Nf4 Kf7 1/2-1/2

[Event "Passau"]
[Site "?"]
[Date "1996.??.??"]
[Round "?"]
[White "Reich, Th"]
[Black "Dolmatov, S."]
[Result "0-1"]
[WhiteElo "2400"]
[BlackElo "2610"]
[PlyCount "52"]
[EventDate "1996.??.??"]
[Source "ChessBase"]
[SourceDate "1996.02.01"]

1. c4 Nf6 2. Nc3 g6 3. e4 d6 4. g3 Bg7 5. Bg2 O-O 6. Nge2 e5 7. O-O c6 8. d3 Ne8 9. d4 Nd7 10. b3 f5 11. Be3 Qe7 12. f3 Ndf6 13. d5 c5 14. Rb1 b6 15. b4 cxb4 16. Rxb4 Nc7 17. Kh1 Na6 18. Rb1 Nc5 19. exf5 Bxf5 20. Rb5 e4 21. Bxc5 bxc5 22. Nf4 e3 23. Rb3 Rae8 24. Re1 g5 25. Ne6 Bxe6 26. Rxe3 Ng4 0-1

[Event "12 Open Aosta"]
[Site "Saint Vincent"]
[Date "2004.02.09"]
[Round "2"]
[White "Gurevich, Mikhail"]
[Black "Lanzani, Mario"]
[Result "1-0"]
[WhiteElo "2656"]
[BlackElo "2352"]
[PlyCount "43"]
[EventDate "2004.02.08"]
[Source "Roberto Alvarez"]
[SourceDate "2004.02.16"]

1. c4 Nf6 2. Nc3 g6 3. g3 Bg7 4. Bg2 O-O 5. d3 d6 6. e3 e5 7. Nge2 c6 8. e4 Na6 9. O-O Nh5 10. Be3 Qe7 11. Qd2 Nc5 12. Rad1 a5 13. d4 exd4 14. Nxd4 Nf6 15. Bg5 h6 16. Bxh6 Nfxe4 17. Nxe4 Nxe4 18. Bxe4 Bxh6 19. Qxh6 Qxe4 20. Rfe1 Qg4 21. f3 Qd7 22. Re4 1-0

[Event "CZE-ch"]
[Site "Lazne Bohdanec"]
[Date "1999.06.10"]
[Round "8"]
[White "Votava, Jan"]
[Black "Vokac, Marek"]
[Result "1/2-1/2"]
[WhiteElo "2511"]
[BlackElo "2495"]
[PlyCount "107"]
[EventDate "1999.06.??"]
[Source "ChessBase"]
[SourceDate "1999.07.10"]

1. c4 g6 2. Nc3 Bg7 3. g3 e5 4. Bg2 d6 5. e3 Nf6 6. Nge2 O-O 7. O-O Re8 8. d3 c6 9. h3 a5 10. d4 Na6 11. Kh2 e4 12. f3 Be6 13. Nxe4 Nxe4 14. fxe4 Bxc4 15. Rf2 Bxe2 16. Rxe2 Re7 17. Bd2 Nc7 18. a4 Ne6 19. h4 Qb6 20. Bc3 c5 21. Rd2 Rae8 22. Qf1 h5 23. Rad1 Qb3 24. e5 cxd4 25. exd4 dxe5 26. dxe5 Nc7 27. Bxa5 Bxe5 28. Bc3 Bxc3 29. bxc3 Qxc3 30. Bxb7 Re1 31. Qg2 Rxd1 32. Rxd1 Ne6 33. Bd5 Nd4 34. Bxf7+ Kxf7 35. Qd5+ Kf6 36. Qxd4+ Qxd4 37. Rxd4 Re2+ 38. Kh3 Ra2 39. g4 Ra3+ 40. Kg2 Ke5 41. Rb4 hxg4 42. Rxg4 Kf5 43. Rb4 g5 44. h5 g4 45. h6 Ra2+ 46. Kg3 Ra3+ 47. Kf2 Ra2+ 48. Ke3 Ra3+ 49. Ke2 Ra2+ 50. Kd3 Ra3+ 51. Kd4 Kg6 52. Kc5 g3 53. Rh4 Kh7 54. Kb4 1/2-1/2